[Event "Championnat de France des Jeunes - Open "]
[Site "LE GRAND BORNAND"]
[Date "????.??.??"]
[Round "5.8"]
[White "Allard, Thomas"]
[Black "Quinqueneau, Dylan"]
[Result "1-0"]
[WhiteElo "1701"]
[BlackElo "1520"]
[PlyCount "79"]

1. e4 e5 2. Nf3 Nc6 3. d4 exd4 4. Bc4 Nf6 5. e5 d5 6. Bb5 Ne4 7. Nxd4 Bd7 8.
Bxc6 bxc6 9. O-O c5 10. Ne2 c6 11. f3 Ng5 12. f4 Ne4 13. Nd2 Bf5 14. Nxe4 Bxe4
15. Ng3 Be7 16. f5 f6 17. e6 O-O 18. Qg4 Kh8 19. Nxe4 dxe4 20. Be3 Qd5 21. Rf4
Rab8 22. Rxe4 Rxb2 23. Rd1 Qxa2 24. Ra4 Rxc2 25. Rxa2 Rxa2 26. h3 Rg8 27. Rd7
Bf8 28. e7 Bxe7 29. Rxe7 a5 30. Ra7 Ra1+ 31. Kh2 Re1 32. Bxc5 Ree8 33. Rxa5 g6
34. Bd4 Ref8 35. Ra7 gxf5 36. Qh4 Rg7 37. Qh6 Rff7 38. Ra8+ Rg8 39. Bxf6+ Rfg7
40. Qxg7# 1-0

[Event "Championnat de France des Jeunes - Open "]
[Site "LE GRAND BORNAND"]
[Date "????.??.??"]
[Round "5.9"]
[White "Pommarede, Marc"]
[Black "Brancherie, Johnny"]
[Result "0-1"]
[WhiteElo "1540"]
[BlackElo "1700"]
[PlyCount "132"]

1. e4 e6 2. d4 d5 3. Nc3 Bb4 4. Bd2 Ne7 5. e5 b6 6. Bd3 Nbc6 7. Nge2 O-O 8. O-O
Na5 9. Nb5 Bxd2 10. Qxd2 a6 11. Na3 c5 12. c3 Bb7 13. Nc2 c4 14. Bxh7+ Kxh7 15.
f4 Rh8 16. Rf3 Kg8 17. Ne3 Ng6 18. g4 Nc6 19. h3 Rh7 20. Kf2 Nce7 21. Rh1 Nh4
22. Rg3 g5 23. f5 Qf8 24. Ke1 Nc6 25. Rf1 Bc8 26. f6 Qh6 27. Ng2 a5 28. Nxh4
gxh4 29. Qxh6 Rxh6 30. g5 hxg3 31. gxh6 Kh7 32. Rg1 Ba6 33. Rxg3 Rg8 34. Rg7+
Rxg7 35. hxg7 Na7 36. h4 Nb5 37. h5 Nc7 38. Ng1 Ne8 39. Nf3 Nxg7 40. fxg7 Kxg7
41. Ng5 Kh6 42. Nxf7+ Kxh5 43. Nd6 Kg4 44. Kd2 Kf3 45. Kc2 Ke3 46. a4 Ke2 47.
Nf7 Bc8 48. b3 Bd7 49. Nd6 cxb3+ 50. Kxb3 Kd3 51. Nf7 Bxa4+ 52. Kxa4 Kxc3 53.
Nd8 Kxd4 54. Nxe6+ Kxe5 55. Ng5 d4 56. Nf3+ Ke4 57. Nd2+ Kd3 58. Nb1 Ke2 59.
Kb3 d3 60. Kc3 b5 61. Kb3 d2 62. Nxd2 Kxd2 63. Ka2 Kc2 64. Ka3 b4+ 65. Ka2 b3+
66. Ka1 b2+ 0-1

[Event "Championnat de France des Jeunes - Open "]
[Site "LE GRAND BORNAND"]
[Date "????.??.??"]
[Round "5.10"]
[White "Demeure, Florian"]
[Black "Petitjeans, Simon"]
[Result "1-0"]
[WhiteElo "1696"]
[BlackElo "1510"]
[PlyCount "45"]

1. e4 c5 2. Nf3 Nc6 3. d4 cxd4 4. Nxd4 g6 5. Nc3 Bg7 6. Be3 Nf6 7. f3 O-O 8.
Bc4 Qb6 9. Bb3 e6 10. Nf5 Qd8 11. Nxg7 Kxg7 12. Qd2 a6 13. Bh6+ Kg8 14. Bxf8
Qxf8 15. O-O-O Na5 16. e5 Nxb3+ 17. cxb3 Nh5 18. g4 Ng7 19. Ne4 Ne8 20. h4 Kh8
21. h5 Nc7 22. hxg6 fxg6 23. Nf6 1-0